[Event "Harvard Futurity"]
[Site "Cambridge"]
[Date "1987.??.??"]
[Round "2"]
[White "Elkies, Noam"]
[Black "Shipman, Joseph L"]
[Result "1-0"]
[WhiteElo "2244"]
[BlackElo "2189"]
[PlyCount "92"]
[EventDate "1987.??.??"]
[EventType "tourn"]
[EventRounds "13"]
[EventCountry "USA"]
[SourceTitle "EXT 2005"]
[Source "ChessBase"]
[SourceDate "2004.11.15"]
[SourceVersion "1"]
[SourceVersionDate "2004.11.15"]
[SourceQuality "1"]

1. d4 d5 2. c4 Nc6 3. cxd5 Qxd5 4. Nf3 e5 5. Nc3 Bb4 6. Bd2 Bxc3 7. Bxc3 e4 8. Ne5 e3 9. f3 Nxe5 10. dxe5 Ne7 11. g3 Be6 12. Qa4+ Nc6 13. Rd1 Qxa2 14. Qxa2 Bxa2 15. Rd3 Rd8 16. Rxe3 Bb3 17. e6 Rd1+ 18. Kf2 Bxe6 19. Bxg7 Rg8 20. Bc3 Kd7 21. Bg2 Rxh1 22. Bxh1 Bf5 23. f4 Rg6 24. Bd5 Be6 25. Bxe6+ Rxe6 26. Rxe6 Kxe6 27. e4 b5 28. f5+ Kd6 29. g4 b4 30. Bg7 a5 31. Ke2 Ne5 32. g5 c5 33. Bf8+ Kc6 34. Bg7 Kd6 35. h3 a4 36. Kd1 Nd3 37. Kc2 c4 38. h4 Ke7 39. Bd4 Ne1+ 40. Kd1 Nd3 41. Kd2 Ke8 42. h5 Nxb2 43. Bxb2 a3 44. Bxa3 bxa3 45. Kc3 f6 46. gxf6 h6 1-0